| 000 | 00501nam a2200145 a 4500 | ||
|---|---|---|---|
| 001 | 000031807 | ||
| 005 | 20200930063209.0 | ||
| 008 | 110706s1982 dr 000 0 spa d | ||
| 040 |
_aDO-SdBNP _bspa _cBNPHU |
||
| 110 | 2 |
_aRepública Dominicana _bSecretaría de Estado de Deportes,Educación Física y Recreación _936997 |
|
| 245 | 1 | 0 |
_aLiga major : _bguía y reglas de torneo. |
| 260 |
_aSanto Domingo : _bDirección Nacional de Educación Física, _c1982. |
||
| 300 |
_a12 p. ; _c22 cm. |
||
| 049 | _aBNPD | ||
| 999 |
_c31299 _d31299 |
||